[Event "Kharkov Rector Cup 11th"]
[Site "Kharkov"]
[Date "2009.03.22"]
[Round "2"]
[White "Simantsev, Mikhail"]
[Black "Sukharev, Sergey"]
[Result "1-0"]
[WhiteElo "2511"]
[BlackElo "2255"]
[PlyCount "37"]
[EventDate "2009.03.21"]
[EventType "tourn"]
[EventRounds "9"]
[EventCountry "UKR"]
[EventCategory "6"]
[SourceTitle "CBM 129 Extra"]
[Source "ChessBase"]
[SourceDate "2009.05.05"]
[SourceVersion "2"]
[SourceVersionDate "2009.05.20"]
[SourceQuality "1"]

1. d4 d5 2. c4 c6 3. Nc3 e5 4. e3 exd4 5. exd4 Nf6 6. Bd3 Be7 7. h3 dxc4 8. Bxc4 Nbd7 9. Nf3 Nb6 10. Bb3 Nbd5 11. 0-0 0-0 12. Re1 Nxc3 13. bxc3 Bf5 14. Ne5 Nd7 15. Nxf7 Rxf7 16. Bxf7+ Kxf7 17. Qf3 Kg6 18. g4 Bc2 19. Re2 1-0

[Event "Kharkov Caissa CC-ch"]
[Site "Kharkov"]
[Date "2003.04.18"]
[Round "11"]
[White "Manukovsky, Vladimir"]
[Black "Sukharev, Sergey"]
[Result "0-1"]
[WhiteElo "2294"]
[BlackElo "2213"]
[PlyCount "64"]
[EventDate "2003.04.08"]
[EventType "tourn"]
[EventRounds "11"]
[EventCountry "UKR"]
[EventCategory "3"]
[SourceTitle "CBM 093 Extra"]
[Source "ChessBase"]
[SourceDate "2003.05.09"]
[SourceVersion "1"]
[SourceVersionDate "2003.05.09"]
[SourceQuality "1"]

1. e4 Nf6 2. e5 Nd5 3. c4 Nb6 4. c5 Nd5 5. Bc4 e6 6. d4 b6 7. cxb6 axb6 8. Nc3 Nxc3 9. bxc3 d5 10. Bb5+ c6 11. Ba4 Ba6 12. f4 Bc4 13. Nf3 b5 14. Bb3 c5 15. Be3 Nc6 16. Bxc4 bxc4 17. 0-0 Qa5 18. Qd2 cxd4 19. Nxd4 Nxd4 20. Bxd4 Bc5 21. f5 Bxd4+ 22. Qxd4 Qa7 23. Qxa7 Rxa7 24. fxe6 fxe6 25. a4 Rf8 26. Rfb1 Kd7 27. Rb5 Rf5 28. a5 Rxe5 29. a6 Kc6 30. Rab1 Re1+ 31. Rxe1 Kxb5 32. Rxe6 Rxa6 0-1

[Event "Kharkov Caissa CC-ch"]
[Site "Kharkov"]
[Date "2003.04.14"]
[Round "7"]
[White "Sukharev, Sergey"]
[Black "Arzumanian, Georgy"]
[Result "1/2-1/2"]
[WhiteElo "2213"]
[BlackElo "2416"]
[PlyCount "65"]
[EventDate "2003.04.08"]
[EventType "tourn"]
[EventRounds "11"]
[EventCountry "UKR"]
[EventCategory "3"]
[SourceTitle "CBM 093 Extra"]
[Source "ChessBase"]
[SourceDate "2003.05.09"]
[SourceVersion "1"]
[SourceVersionDate "2003.05.09"]
[SourceQuality "1"]

1. Nf3 d5 2. d4 e6 3. c4 c6 4. Nc3 dxc4 5. e3 b5 6. a4 Bb4 7. Bd2 a5 8. axb5 Bxc3 9. Bxc3 cxb5 10. b3 Bb7 11. d5 Nf6 12. bxc4 b4 13. Bxf6 Qxf6 14. Qa4+ Nd7 15. Nd4 e5 16. Nb3 Ke7 17. Qb5 Ba6 18. Qxa5 Rhb8 19. d6+ Qxd6 20. c5 Qd5 21. Bxa6 Qxg2 22. 0-0-0 Qc6 23. Rxd7+ Kxd7 24. Rd1+ Ke7 25. Rd6 Qh1+ 26. Rd1 Qc6 27. Rd6 Qh1+ 28. Kb2 Qxh2 29. Qc7+ Kf8 30. Bc4 Qxf2+ 31. Rd2 Qf6 32. Rd7 Qf2+ 33. Rd2 1/2-1/2

[Event "Kharkov Caissa op"]
[Site "Kharkov"]
[Date "2003.01.25"]
[Round "5"]
[White "Gutsko, Anastasiya"]
[Black "Sukharev, Sergey"]
[Result "0-1"]
[WhiteElo "2124"]
[BlackElo "2215"]
[PlyCount "104"]
[EventDate "2003.01.21"]
[EventType "swiss"]
[EventRounds "9"]
[EventCountry "UKR"]
[SourceTitle "CBM 092 Extra"]
[Source "ChessBase"]
[SourceDate "2003.03.07"]
[SourceVersion "1"]
[SourceVersionDate "2003.03.07"]
[SourceQuality "1"]

1. e4 Nf6 2. e5 Nd5 3. d4 d6 4. Nf3 Bg4 5. Be2 e6 6. h3 Bxf3 7. Bxf3 dxe5 8. dxe5 c6 9. 0-0 Bc5 10. Qe2 Nd7 11. c4 Ne7 12. Bh5 Ng6 13. Bxg6 hxg6 14. Bf4 Qh4 15. Bh2 Qh5 16. Qe4 Qf5 17. Qxf5 gxf5 18. Nd2 Rh4 19. Rac1 g5 20. Nb3 Bf8 21. f4 gxf4 22. Bxf4 Bg7 23. Rce1 a5 24. Re2 a4 25. Nd2 Ra5 26. Bg3 Rd4 27. b4 Ra8 28. Bf2 Rd3 29. Nf3 a3 30. c5 Ra4 31. Rb1 Rd5 32. Bd4 Nb8 33. Re3 Na6 34. Reb3 Nc7 35. h4 Nb5 36. Bf2 Bxe5 37. Nxe5 Rxe5 38. h5 Kf8 39. h6 Kg8 40. Bh4 f4 41. Bf6 Rf5 42. Bg7 Nc7 43. Rd1 Rd5 44. Rf1 Rf5 45. Rd1 Nd5 46. Rdd3 Kh7 47. Rd4 e5 48. Re4 f6 49. Kf2 Rg5 50. g3 fxg3+ 51. Rxg3 Rxg3 52. Kxg3 Rxb4 0-1

[Event "Kharkov Caissa op"]
[Site "Kharkov"]
[Date "2003.01.22"]
[Round "2"]
[White "Sukharev, Sergey"]
[Black "Onoprienko, Vladimir"]
[Result "1/2-1/2"]
[WhiteElo "2215"]
[BlackElo "2418"]
[PlyCount "47"]
[EventDate "2003.01.21"]
[EventType "swiss"]
[EventRounds "9"]
[EventCountry "UKR"]
[SourceTitle "CBM 092 Extra"]
[Source "ChessBase"]
[SourceDate "2003.03.07"]
[SourceVersion "1"]
[SourceVersionDate "2003.03.07"]
[SourceQuality "1"]

1. Nf3 Nf6 2. c4 d6 3. d4 Nbd7 4. g3 e5 5. Bg2 Be7 6. Nc3 0-0 7. 0-0 c6 8. e4 a6 9. Qc2 b5 10. cxb5 cxb5 11. Rd1 Qc7 12. Qe2 Bb7 13. dxe5 dxe5 14. Nd5 Nxd5 15. exd5 Rfd8 16. a4 b4 17. Nd4 Nf6 18. Nc6 Bxc6 19. dxc6 Rxd1+ 20. Qxd1 e4 21. Qc2 Rc8 22. Bf4 Qxc6 23. Qxc6 Rxc6 24. Rc1 1/2-1/2

[Event "UKR-chT 9th"]
[Site "Alushta"]
[Date "2001.04.??"]
[Round "5"]
[White "Sukharev, Sergey"]
[Black "Mutschnik, Illya"]
[Result "1-0"]
[WhiteElo "2228"]
[BlackElo "2324"]
[PlyCount "63"]
[EventDate "2001.04.06"]
[EventType "team-tourn"]
[EventRounds "9"]
[EventCountry "UKR"]
[SourceTitle "EXT 2019"]
[Source "ChessBase"]
[SourceDate "2018.10.10"]
[SourceVersion "1"]
[SourceVersionDate "2018.10.10"]
[SourceQuality "1"]
[WhiteTeam "Kharkov Geleon"]
[BlackTeam "Kherson Zakhidinkombank"]
[WhiteTeamCountry "UKR"]
[BlackTeamCountry "UKR"]

1. Nf3 Nf6 2. c4 g6 3. g3 Bg7 4. Bg2 0-0 5. 0-0 d6 6. d4 Nbd7 7. Nc3 e5 8. e4 exd4 9. Nxd4 Nc5 10. h3 Re8 11. Re1 a5 12. Ndb5 Bd7 13. Qc2 Qc8 14. Kh2 Re5 15. g4 Re8 16. Be3 Bc6 17. f3 b6 18. Rad1 h6 19. Bxc5 bxc5 20. f4 Nd7 21. Nd5 Bxb5 22. cxb5 g5 23. e5 dxe5 24. fxg5 hxg5 25. Qf5 Rb8 26. Nxc7 Rd8 27. Nd5 Kf8 28. Qxg5 f6 29. Qg6 Rxb5 30. g5 Qc6 31. gxf6 Nxf6 32. Nxf6 1-0

[Event "UKR-chT 9th"]
[Site "Alushta"]
[Date "2001.04.??"]
[Round "1"]
[White "Timoshenko, Georgy"]
[Black "Sukharev, Sergey"]
[Result "1-0"]
[WhiteElo "2537"]
[BlackElo "2228"]
[PlyCount "109"]
[EventDate "2001.04.06"]
[EventType "team-tourn"]
[EventRounds "9"]
[EventCountry "UKR"]
[SourceTitle "EXT 2019"]
[Source "ChessBase"]
[SourceDate "2018.10.10"]
[SourceVersion "1"]
[SourceVersionDate "2018.10.10"]
[SourceQuality "1"]
[WhiteTeam "Danko-Donbass Donetsk"]
[BlackTeam "Kharkov Geleon"]
[WhiteTeamCountry "UKR"]
[BlackTeamCountry "UKR"]

1. e4 Nf6 2. e5 Nd5 3. d4 d6 4. Nf3 Bg4 5. Be2 e6 6. 0-0 Be7 7. c4 Nb6 8. Nc3 0-0 9. Be3 Nc6 10. exd6 cxd6 11. d5 exd5 12. Nxd5 Nxd5 13. Qxd5 Bf6 14. Qd2 Rc8 15. Rac1 Qa5 16. Qxa5 Nxa5 17. b3 Nc6 18. Rfd1 Bb2 19. Rb1 Ba3 20. h3 Bf5 21. Bd3 Bxd3 22. Rxd3 Rfe8 23. Rbd1 a6 24. Bf4 Re2 25. Bxd6 Rxa2 26. b4 h6 27. b5 Nb4 28. Bxb4 Bxb4 29. Ne5 Kh7 30. Rd7 f6 31. Ng4 Rxc4 32. Rxb7 axb5 33. Nxf6+ Kg6 34. Ng4 Rc5 35. Rdd7 Bc3 36. Rb6+ Kh5 37. g3 b4 38. Kg2 Rf5 39. Rd3 Kg5 40. Rf3 Rxf3 41. Kxf3 Kf5 42. h4 Bd2 43. Rb7 Ra3+ 44. Ne3+ Kf6 45. Ke4 Bxe3 46. fxe3 Rb3 47. Rb6+ Kf7 48. g4 Rb1 49. g5 b3 50. g6+ Ke7 51. Ke5 Kd7 52. h5 Kc7 53. Rb4 b2 54. Ke6 Kd8 55. e4 1-0

[Event "Kharkov Caissa op"]
[Site "Kharkov"]
[Date "2000.02.29"]
[Round "5"]
[White "Sukharev, Sergey"]
[Black "Tugaj, Sergey"]
[Result "1/2-1/2"]
[WhiteElo "2245"]
[BlackElo "2290"]
[PlyCount "128"]
[EventDate "2000.01.27"]
[EventType "swiss"]
[EventRounds "9"]
[EventCountry "UKR"]
[SourceTitle "EXT 2001"]
[Source "ChessBase"]
[SourceDate "2000.11.22"]
[SourceVersion "1"]
[SourceVersionDate "2000.11.22"]
[SourceQuality "1"]

1. Nf3 Nf6 2. c4 d6 3. d4 Nbd7 4. g3 e5 5. Bg2 c6 6. Nc3 e4 7. Ng5 d5 8. cxd5 cxd5 9. Qb3 h6 10. Nh3 Nb6 11. Bf4 Bd6 12. Be5 0-0 13. Nf4 Be7 14. 0-0 Be6 15. Nxe6 fxe6 16. Nb5 Nc4 17. Nc7 Nxe5 18. Nxe6 Qd6 19. Nxf8 Rxf8 20. dxe5 Qxe5 21. Rac1 b6 22. Qc3 Qh5 23. f3 Bc5+ 24. e3 exf3 25. Bxf3 Qg5 26. Rce1 Re8 27. Kg2 Bxe3 28. h4 Qe5 29. Qxe5 Rxe5 30. Re2 d4 31. Rd1 Rc5 32. Rd3 Kf7 33. b4 Rc4 34. Ra3 Rc7 35. b5 Nd7 36. Bd5+ Kf6 37. Kf3 Ne5+ 38. Ke4 Re7 39. Ra4 Nd7+ 40. Kf3 Ke5 41. Rxe3+ dxe3 42. Re4+ Kd6 43. Rxe7 Kxe7 44. Kxe3 Kd6 45. Kd4 Nf6 46. Bf7 Ke7 47. Bg6 Kd6 48. Bf5 Nd5 49. Bd3 Nf6 50. Be4 Ke6 51. Bg6 Nd7 52. Ke4 Nc5+ 53. Kf4 Kf6 54. Bc2 Nb7 55. Ke4 Nd6+ 56. Kd5 Nxb5 57. a4 Nc3+ 58. Kc6 Ke6 59. Kb7 Kd6 60. Kxa7 b5 61. a5 Kc7 62. Ka6 b4 63. Bb3 Kc6 64. g4 Kc7 1/2-1/2

[Event "Kharkov Caissa op"]
[Site "Kharkov"]
[Date "2000.02.28"]
[Round "7"]
[White "Sukharev, Sergey"]
[Black "Matjushin, Oleg"]
[Result "0-1"]
[WhiteElo "2245"]
[BlackElo "2188"]
[PlyCount "106"]
[EventDate "2000.01.27"]
[EventType "swiss"]
[EventRounds "9"]
[EventCountry "UKR"]
[SourceTitle "EXT 2001"]
[Source "ChessBase"]
[SourceDate "2000.11.22"]
[SourceVersion "1"]
[SourceVersionDate "2000.11.22"]
[SourceQuality "1"]

1. Nf3 Nf6 2. c4 g6 3. g3 Bg7 4. Bg2 0-0 5. d4 c6 6. Nc3 d5 7. cxd5 cxd5 8. Ne5 Nc6 9. 0-0 e6 10. Nxc6 bxc6 11. Na4 Qa5 12. Bd2 Qb5 13. b3 Nd7 14. Rc1 Bxd4 15. Bh6 Bg7 16. Bxg7 Kxg7 17. e4 Ba6 18. Re1 Rfc8 19. h4 Qd3 20. Qg4 Qd4 21. Rcd1 Qf6 22. exd5 h5 23. Qb4 cxd5 24. Rd2 Rc6 25. Nb2 Rac8 26. Nd3 Qc3 27. Qxc3+ Rxc3 28. Bf1 Bxd3 29. Bxd3 Rc1 30. Rdd1 Rxd1 31. Rxd1 Ne5 32. Bb1 Rc3 33. Kg2 Kf6 34. Rd2 Ke7 35. b4 Kd6 36. Bc2 Nc4 37. Re2 Na3 38. Bb3 a6 39. Rd2 Nc4 40. Bxc4 Rxc4 41. Rb2 f6 42. Kf3 Rc3+ 43. Ke2 Ra3 44. f3 g5 45. hxg5 fxg5 46. Kf2 e5 47. Kg2 d4 48. Kh3 Rxf3 49. a4 h4 50. b5 Rxg3+ 51. Kh2 axb5 52. axb5 Kc7 53. Re2 Re3 0-1